00399cam a2200157ua 4500001000400000008003900004020001600043040000900059082001100068245002900079250003100108260004100139300001700180653001500197653002900212312110329n ii |||gr||||Z||||||eng a019566990-8 cMAIN a301.03 aDictionary of sociology. bEdited by Gordon Marshall. aNew Delhi.:bOxford university.,998. a712 p.:6 cm. aSociology. aDictionary of sociology.